Indian cities 2 - sudden death - Statistics

General Stats
  • This quiz has been taken 136 times
  • The average score is 12 of 18
Answers on the Grid
Answers color-coded by a green-red scale on the quiz's grid according to % correct below.
Delhi
Ahmedabad
Kathmandu
Naypyidaw
Kuala Lumpur
Amritsar
Guadalajara
Darjeeling
Zagreb
Colombo
Rawalpindi
Gwalior
Kanpur
Ijebu-Ode
Sao Paulo
Pune
Indore
Varanasi
Mecca
Nagpur
Linyi
Tamale
Jodhpur
Khulna
Visakhapatnam
Coimbatore
Madurai
Chandigarh
Jerusalem
Goa
Vadodara
Thiruvananthapuram
 
Answer Stats
Answer % Correct
- Delhi
97%
- Ahmedabad
89%
- Amritsar
77%
- Pune
70%
- Varanasi
70%
- Kanpur
68%
- Goa
67%
- Jodhpur
67%
- Indore
65%
- Visakhapatnam
65%
- Nagpur
62%
- Chandigarh
61%
- Darjeeling
58%
- Coimbatore
56%
- Thiruvananthapuram
55%
- Vadodara
47%
- Madurai
45%
- Gwalior
42%
No matching quizzes found
Score Distribution
Percent of People with Each Score
Percentile by Number Answered
Your Score History
You have not taken this quiz